000
00292nam a22001337a 4500
008
170511b xxu||||| |||| 00| 0 eng d
020
_a
9781599414249
041
_a
eng
080
_a
34
100
_a
15
101
_a
SHJ
245
_a
WRITING ANALYSIS LAW
_c
SHAPO.H.S
942
_2
udc
_c
BK
999
_c
13105
_d
13105